000 00562cam a2200193 a 4500
001 000003963
005 20200929150637.0
008 900301s1991 nyu 000 f eng
020 _a0440211891
040 _aDO-SdBNP
_cDLC
_dDLC
_dOCoLC
_dDLC
082 _a813.54
_bS813he
100 1 _aSteel, Danielle
_d1947-
_910718
245 1 0 _aHeartbeat /
_cDanielle Steel.
260 _aNew York :
_bDell,
_c1991.
300 _a358 p. ;
_c17 cm.
650 4 _aNovela estadounidense
_9262
650 4 _aLiteratura estadounidense
_9263
910 _aCatalogación por copia / LC
999 _c3782
_d3782